00663nam a2200193Ia 4500999001500000020001800015082001700033245006100050260004800111300001400159504003600173650004700209650002200256650002700278700001800305700002100323942000700344952011800351 c3450d3450 a0-521-56354-2 a320.011 CAM- 0aCambridge history of twentieth-century political thought aCambridgebCambridge University Pressc2003 axi, 754p. aIncludes bibliography and index aPolitical science - History - 20th century aPolitical thought aHistory - 20th century aBall, Terence aBellamy, Richard cBK 00104070aNASSDOCbNASSDOCd2004-09-09i2004-10-05l0o320.011 CAM-p39599r2019-04-18 00:00:00w2019-04-18yBK